Celebrity Birth Name Slot Machine Quiz Stats

 Plays Quiz Updated Sep 13, 2015

Challenge
Share
Tweet
Score 0/80 Timer 06:00
2 Plays Today
Name Celeb/Birth Names % Correct
MuhammadMuhammad Ali Cassius Clay
88.1%
AliMuhammad Ali Cassius Clay
88.1%
CassiusMuhammad Ali Cassius Clay
88.1%
ClayMuhammad Ali Cassius Clay
88.1%
CharlieCharlie Sheen Carlos Estévez
76.3%
SheenCharlie Sheen Carlos Estévez
76.3%
CarlosCharlie Sheen Carlos Estévez
76.3%
EstévezCharlie Sheen Carlos Estévez
76.3%
TheThe Rock Dwayne Johnson
70.7%
RockThe Rock Dwayne Johnson
70.7%
DwayneThe Rock Dwayne Johnson
70.7%
JohnsonThe Rock Dwayne Johnson
70.7%
LadyLady Gaga Stefani Germanotta
69.1%
GagaLady Gaga Stefani Germanotta
69.1%
StefaniLady Gaga Stefani Germanotta
69.1%
GermanottaLady Gaga Stefani Germanotta
69.1%
5050 Cent Curtis Jackson
63.6%
Cent50 Cent Curtis Jackson
63.6%
Curtis50 Cent Curtis Jackson
63.6%
Jackson50 Cent Curtis Jackson
63.6%
MarilynMarilyn Monroe Norma Jeane Mortenson
60.9%
MonroeMarilyn Monroe Norma Jeane Mortenson
60.9%
Norma JeaneMarilyn Monroe Norma Jeane Mortenson
60.9%
MortensonMarilyn Monroe Norma Jeane Mortenson
60.9%
RingoRingo Starr Richard Starkey
60.1%
StarrRingo Starr Richard Starkey
60.1%
RichardRingo Starr Richard Starkey
60.1%
StarkeyRingo Starr Richard Starkey
60.1%
BobBob Dylan Robert Zimmerman
52.6%
DylanBob Dylan Robert Zimmerman
52.6%
RobertBob Dylan Robert Zimmerman
52.6%
ZimmermanBob Dylan Robert Zimmerman
52.6%
EltonElton John Reginald Dwight
49.7%
JohnElton John Reginald Dwight
49.7%
ReginaldElton John Reginald Dwight
49.7%
DwightElton John Reginald Dwight
49.7%
NickiNicki Minaj Onika Maraj
48.6%
MinajNicki Minaj Onika Maraj
48.6%
OnikaNicki Minaj Onika Maraj
48.6%
MarajNicki Minaj Onika Maraj
48.6%
Name Celeb/Birth Names % Correct
FreddieFreddie Mercury Farrokh Bulsara
42.1%
MercuryFreddie Mercury Farrokh Bulsara
42.1%
FarrokhFreddie Mercury Farrokh Bulsara
42.1%
BulsaraFreddie Mercury Farrokh Bulsara
42.1%
KatyKaty Perry Katheryn Hudson
40.7%
PerryKaty Perry Katheryn Hudson
40.7%
KatherynKaty Perry Katheryn Hudson
40.7%
HudsonKaty Perry Katheryn Hudson
40.7%
MichaelMichael Caine Maurice Micklewhite
28.5%
CaineMichael Caine Maurice Micklewhite
28.5%
MauriceMichael Caine Maurice Micklewhite
28.5%
MicklewhiteMichael Caine Maurice Micklewhite
28.5%
LilLil Wayne Dwayne Carter
28.5%
WayneLil Wayne Dwayne Carter
28.5%
DwayneLil Wayne Dwayne Carter
28.5%
BenBen Kingsley Krishna Bhanji
27.7%
KingsleyBen Kingsley Krishna Bhanji
27.7%
KrishnaBen Kingsley Krishna Bhanji
27.7%
BhanjiBen Kingsley Krishna Bhanji
27.7%
CarterLil Wayne Dwayne Carter
27.6%
AliceAlice Cooper Vincent Furnier
23.9%
CooperAlice Cooper Vincent Furnier
23.9%
VincentAlice Cooper Vincent Furnier
23.9%
FurnierAlice Cooper Vincent Furnier
23.9%
FaithFaith Hill Audrey Perry
22.8%
HillFaith Hill Audrey Perry
22.8%
AudreyFaith Hill Audrey Perry
22.8%
PerryFaith Hill Audrey Perry
22.8%
PerezPerez Hilton Mario Lavandeira
17.7%
HiltonPerez Hilton Mario Lavandeira
17.7%
MarioPerez Hilton Mario Lavandeira
17.7%
LavandeiraPerez Hilton Mario Lavandeira
17.7%
JamieJamie Foxx Eric Bishop
16.8%
FoxxJamie Foxx Eric Bishop
16.8%
EricJamie Foxx Eric Bishop
16.8%
BishopJamie Foxx Eric Bishop
16.8%
CarterCharlton Heston John Carter
14.8%
CharltonCharlton Heston John Carter
13.9%
HestonCharlton Heston John Carter
13.9%
JohnCharlton Heston John Carter
13.9%

You're not logged in!

Compare scores with friends on all Sporcle quizzes.
Join for Free
OR
Log In

You Might Also Like...

Show Comments

Extras

Top Quizzes Today


Score Distribution

Your Account Isn't Verified!

In order to create a playlist on Sporcle, you need to verify the email address you used during registration. Go to your Sporcle Settings to finish the process.

Report this User

Report this user for behavior that violates our Community Guidelines.

Details: